Alas de mariposa guión cinematográfico /

El guión original de Alas de mariposa, opera prima de Juanma Bajo Ulloa, por la que obtuvo en 1991 la Concha de oro del Festival Internacional de Cine de San Sebastián.

保存先:
書誌詳細
第一著者: Bajo Ulloa, Juanma, 1967-
その他の著者: Bajo Ulloa, Eduardo, 1969-
フォーマット: 電子媒体 eBook
言語:スペイン語
出版事項: Madrid : Ocho y Medio, Libros de Cine, 2005.
版:1a. ed. en la Colección Espiral.
シリーズ:Digitalia eBook Collection: Ocho y Medio
Colección Espiral (Madrid, Spain) ; 64.
主題:
オンライン・アクセス:Digitalia Hispánica
タグ: タグ追加
タグなし, このレコードへの初めてのタグを付けませんか!

MARC

LEADER 00000nam a2200000Ia 4500
001 DIG0000006
003 NyNyDIG
006 m d
007 cr |||||||||||
008 050510s2005 sp o 000 d spa
020 |z 8495839822 (pbk.) 
020 |z 9788495839824 (pbk.) 
040 |a DGITA  |b eng  |e pn  |c DGITA 
043 |a e-sp--- 
050 0 0 |a PN1997 ebook 
100 1 |a Bajo Ulloa, Juanma,  |d 1967- 
245 1 0 |a Alas de mariposa   |h [electronic resource] :  |b guión cinematográfico /  |c de Juanma Bajo Ulloa y Eduardo Bajo Ulloa. 
250 |a 1a. ed. en la Colección Espiral. 
260 |a Madrid :  |b Ocho y Medio, Libros de Cine,   |c 2005.  |e (New York, NY. :  |f Digitalia Inc,   |g 2012). 
300 |a 1 online resource (151 p.) 
490 1 |a Colección Espiral ;  |v 64. 
500 |a Includes the film script and background information on the film (artistic and technical). 
506 |a Access restricted to subscribing institutions. 
520 |a El guión original de Alas de mariposa, opera prima de Juanma Bajo Ulloa, por la que obtuvo en 1991 la Concha de oro del Festival Internacional de Cine de San Sebastián. 
630 0 0 |a Alas de mariposa (Motion picture) 
650 0 |a Motion picture plays, Spanish 
650 0 |a Families  |z Spain  |v Drama. 
655 0 |a Electronic books. 
700 1 |a Bajo Ulloa, Eduardo,  |d 1969- 
791 2 |a Digitalia (Firm),  |e distributor. 
730 0 |a Alas de mariposa (Motion picture) 
830 0 |a Digitalia eBook Collection: Ocho y Medio 
830 0 |a Colección Espiral (Madrid, Spain) ;  |v 64. 
856 4 0 |3 Digitalia Hispánica  |u https://digitalia.unach.elogim.com/a/307/